[Event "Mem Day Classic G/60"]
[Site "Los Angeles"]
[Date "1998.05.23"]
[Round "2"]
[White "Lakdawala, Cyrus"]
[Black "Weinberger, Tibor"]
[Result "1/2-1/2"]
[WhiteElo "2425"]
[BlackElo "2195"]

1.Nf3 d5 2.c4 e6 3.d4 c6 4.e3 Nf6 5.Nc3 Bd6 6.b3 Nbd7 7.Be2 O-O 8.O-O Qe7
9.Qc2 dxc4 10.bxc4 e5 11.Rb1 Re8 12.Rd1 e4 13.Nd2 Nf8 14.c5 Bc7 15.g3 Rb8
16.Bf1 h5 17.Bg2 Bf5 18.Rb3 h4 19.Qb1 hxg3 20.fxg3 Ba5 21.Nc4 Bxc3 22.Rxc3 Red8
23.Ra3 b6 24.cxb6 axb6 25.Ne5 Qxe5 26.dxe5 Rxd1+ 27.Kf2 Ng4+ 28.Ke2 Rbd8
29.h3 Nxe5 30.g4 Bg6 31.Qc2 R1d3 32.Ra4 b5 33.Rxe4 R3d6 34.Qc5 Bxe4 35.Bxe4 f6
36.Bc2 Kh8 37.Qb4 Nd3 38.Qb1 Nxc1+ 39.Qxc1 c5 40.a4 bxa4 41.Bxa4 Ne6 42.Bb3 Ng5
43.h4 Ne4  1/2-1/2

[Event "BCF-chT 97/98 (4NCL)"]
[Site "GBR"]
[Date "1998.05.24"]
[Round "10"]
[White "Cobb, Charles"]
[Black "Pert, Richard G"]
[Result "1/2-1/2"]
[WhiteElo "2300"]
[BlackElo "2235"]

1.Nf3 d5 2.d4 c6 3.c4 e6 4.Nc3 Nf6 5.e3 Nbd7 6.Bd3 Bd6 7.e4 dxe4 8.Nxe4 Nxe4
9.Bxe4 O-O 10.O-O h6 11.Bc2 e5 12.Re1 exd4 13.Qxd4 Bc5 14.Qc3 a5 15.a3 Nf6
16.Bf4 Ng4 17.Bg3 Qb6 18.Re2 f5 19.h3 Nf6 20.Rae1 Ne4 21.Bxe4 fxe4 22.Rxe4 Bf5
23.R4e2 Rad8 24.Rd2 Rxd2 25.Qxd2 Bxh3 26.gxh3 Rxf3 27.Re8+ Rf8 28.Rxf8+ Bxf8
29.Be5 Qc5 30.Qc3 a4 31.Kf1 b5 32.cxb5 cxb5 33.Ke2 Qd5 34.Qd4 Qb3 35.Qc3 Qe6
36.Kf1 Qd5 37.Kg1 Qe4 38.Kf1 h5 39.Kg1 Qd5 40.Kf1 Qe4 41.Bd4 Kf7 42.Kg1 Bd6
43.Kf1 g6 44.Kg1  1/2-1/2

[Event "Szeged TT05 IM"]
[Site "Szeged"]
[Date "1998.05.25"]
[Round "5"]
[White "Seres, Lajos"]
[Black "Igaz, Ervin"]
[Result "1-0"]
[WhiteElo "2445"]
[BlackElo "2330"]

1.d4 Nf6 2.c4 e6 3.Nf3 d5 4.Nc3 c6 5.e3 Bd6 6.Bd3 Nbd7 7.O-O O-O 8.e4 dxc4
9.Bxc4 e5 10.Bg5 Qc7 11.d5 Nb6 12.Bb3 Qe7 13.dxc6 bxc6 14.h3 h6 15.Bh4 Ba6
16.Re1 Rfd8 17.Qc2 Rac8 18.Rad1 Nbd7 19.Nd2 g5 20.Bg3 Nh5 21.Bh2 Nf4 22.Bc4 Bb7
23.Nf1 Nb6 24.Be2 Ne6 25.Bg4 Ba6 26.Bxe6 fxe6 27.Ne3 Bb8 28.Rxd8+ Rxd8 29.Rd1 Rd4
30.Ng4 Qg7 31.Rxd4 exd4 32.Bxb8 dxc3 33.Be5 Qg6 34.Bxc3 Nd5 35.Bd4 Nf4 36.Be5  1-0

[Event "Garcia mem Premier"]
[Site "Santa Clara"]
[Date "1998.05.28"]
[Round "4"]
[White "Vasquez, Rodrigo"]
[Black "Borges Mateos, Juan"]
[Result "1-0"]
[WhiteElo "2485"]
[BlackElo "2480"]

1.d4 d5 2.c4 c6 3.Nf3 Nf6 4.Nc3 e6 5.e3 Nbd7 6.Qc2 Bd6 7.b3 O-O 8.Be2 dxc4
9.bxc4 e5 10.O-O Re8 11.Rd1 Qe7 12.Rb1 h6 13.h3 exd4 14.exd4 Nf8 15.Bd3 Qc7
16.Be3 Ne6 17.Qd2 b6 18.Re1 Bd7 19.Bxh6 gxh6 20.Qxh6 Nf4 21.Qg5+  1-0

[Event "Hamburg-chI"]
[Site "Hamburg"]
[Date "1998.05.31"]
[Round "3"]
[White "Kempinski, Robert"]
[Black "Lukacs, Peter"]
[Result "0-1"]
[WhiteElo "2520"]
[BlackElo "2515"]

1.d4 Nf6 2.c4 e6 3.Nf3 d5 4.Nc3 c6 5.e3 Nbd7 6.Qc2 Bd6 7.g4 dxc4 8.Bxc4 e5
9.h3 O-O 10.Bd2 exd4 11.Nxd4 Nb6 12.Bd3 c5 13.Ndb5 c4 14.Be2 Bc5 15.e4 a6
16.Na3 Qe7 17.g5 Nfd7 18.f4 Bxa3 19.bxa3 Nc5 20.Rb1 Nd3+ 21.Bxd3 cxd3 22.Qb3 Nd7
23.Qb4 Nc5 24.Be3 b6 25.e5 d2+ 26.Ke2 a5 27.Qxb6 Ba6+ 28.Kd1 Nd3 29.Qd6 Qe8
30.e6 fxe6 31.Rb6 Bc4 32.Rb7 Rf7 33.Rxf7 Qxf7 34.Kxd2 Qb7 35.Rb1 Qg2+ 36.Ne2 Nb2
37.Rxb2 Qxe2+ 38.Kc3 Qxe3+ 39.Kxc4 Qc1+  0-1

[Event "Hamburg-chI"]
[Site "Hamburg"]
[Date "1998.05.31"]
[Round "3"]
[White "Lamprecht, Frank"]
[Black "Rogozenko, Dorin"]
[Result "1/2-1/2"]
[WhiteElo "2395"]
[BlackElo "2495"]

1.d4 d5 2.c4 c6 3.Nc3 Nf6 4.Nf3 e6 5.e3 Nbd7 6.Qc2 Bd6 7.Be2 O-O 8.O-O Qe7
9.Rd1 dxc4 10.Bxc4 e5 11.Ne4 Nxe4 12.Qxe4 Nf6 13.Qh4 e4 14.Nd2 h6 15.Nf1 Bg4
16.Re1 Rad8 17.Be2 Bc8 18.Bd2 Rfe8 19.Ng3 Qf8 20.Nh5 Nd5 21.f3 Bb4 22.Bxb4 Nxb4
23.Rac1 exf3 24.Bc4 fxg2 25.Re2 Qe7 26.Qxe7 Rxe7 27.Rxg2 g5 28.a3 Nd5 29.Bxd5 cxd5
30.h4 Kh7 31.hxg5 hxg5 32.Kf2 Kh6 33.Nf4 f6 34.Rh2+ Kg7 35.Nxd5 Rxd5 36.Rxc8 Kg6
37.Rg8+ Rg7 38.Rxg7+ Kxg7 39.Kf3 f5 40.Rc2 Rd7 41.Rc5 Kf6 42.e4 fxe4+ 43.Kxe4 Rg7
44.Kf3 g4+ 45.Kg3 Ke6 46.a4 Kd6 47.a5 a6 48.b4 Re7 49.b5 Re4 50.bxa6 bxa6
51.Rg5 Rxd4 52.Rg6+ Kc5 53.Rxa6  1/2-1/2

[Event "Hamburg-chI"]
[Site "Hamburg"]
[Date "1998.06.01"]
[Round "4"]
[White "Lukacs, Peter"]
[Black "Mueller, Karsten"]
[Result "1/2-1/2"]
[WhiteElo "2515"]
[BlackElo "2515"]

1.d4 d5 2.c4 e6 3.Nc3 c6 4.Nf3 Nf6 5.e3 Nbd7 6.Bd3 dxc4 7.Bxc4 b5 8.Bd3 Bb7
9.a3 a6 10.b4 a5 11.Rb1 axb4 12.axb4 Bd6 13.O-O Qe7 14.Bd2 O-O 15.e4 e5 16.Ne2 Ra3
17.Bg5 Rd8 18.Bc2  1/2-1/2

[Event "Hamburg-chI"]
[Site "Hamburg"]
[Date "1998.06.01"]
[Round "4"]
[White "Wilhelmi, Christian"]
[Black "Pelletier, Yannick"]
[Result "1/2-1/2"]
[WhiteElo "2445"]
[BlackElo "2515"]

1.d4 d5 2.c4 c6 3.Nf3 Nf6 4.e3 e6 5.Nc3 Nbd7 6.Bd3 dxc4 7.Bxc4 b5 8.Be2 Bb7
9.O-O a6 10.a3 c5 11.dxc5 Bxc5 12.b4 Be7 13.Bb2 O-O 14.Nd4 Rc8 15.Qb3 Nd5
16.Bf3 N7f6 17.Rac1 Qd7  1/2-1/2

[Event "Hamburg-chI"]
[Site "Hamburg"]
[Date "1998.06.02"]
[Round "5"]
[White "Kempinski, Robert"]
[Black "Rogozenko, Dorin"]
[Result "1/2-1/2"]
[WhiteElo "2520"]
[BlackElo "2495"]

1.d4 d5 2.Nf3 Nf6 3.c4 c6 4.Nc3 e6 5.e3 Nbd7 6.Qc2 Bd6 7.g4 h6 8.Bd2 Qe7
9.h3 dxc4 10.Bxc4 b5 11.Be2 Bb7 12.Rg1 a6 13.h4 b4 14.Na4 c5 15.Nxc5 Nxc5
16.dxc5 Bxc5 17.Rc1 Bd6 18.g5 hxg5 19.hxg5 Ne4 20.Bd3 Nc5 21.Nd4 Rd8 22.g6 f5
23.Be2 Be4 24.Qc4 Bd5 25.Qc2 Be4 26.Qc4 Rh2 27.Nf3 Bd5 28.Qc2 Be4 29.Qc4 Bd5
30.Qc2 Be4 31.Qc4 Bd5  1/2-1/2

[Event "Hamburg-chI"]
[Site "Hamburg"]
[Date "1998.06.04"]
[Round "7"]
[White "Lukacs, Peter"]
[Black "Rogozenko, Dorin"]
[Result "1/2-1/2"]
[WhiteElo "2515"]
[BlackElo "2495"]

1.d4 d5 2.c4 c6 3.Nc3 Nf6 4.e3 e6 5.Nf3 Nbd7 6.Bd3 dxc4 7.Bxc4 b5 8.Bb3 a6
9.e4 c5 10.d5 c4 11.dxe6 fxe6 12.Bc2 Qc7 13.O-O Bc5 14.Qe2 Ne5 15.Nxe5 Qxe5
16.Kh1 O-O 17.f4 Qh5 18.Qxh5  1/2-1/2

[Event "Russian Club Cup"]
[Site "Maikop"]
[Date "1998.06.05"]
[Round "3"]
[White "Shipov, Sergei"]
[Black "Savchenko, Stanislav"]
[Result "1-0"]
[WhiteElo "2620"]
[BlackElo "2595"]

1.d4 d5 2.c4 c6 3.Nf3 Nf6 4.Nc3 e6 5.e3 Nbd7 6.Qc2 Bd6 7.Bd3 O-O 8.O-O dxc4
9.Bxc4 a6 10.Rd1 b5 11.Be2 Qc7 12.e4 e5 13.g3 Re8 14.a3 c5 15.dxe5 Nxe5 16.Bg5 Bg4
17.Bxf6 Nxf3+ 18.Kg2 Be5 19.Nd5 Qa7 20.Bxg7 Bh3+ 21.Kxh3 Ng5+ 22.Kh4 Kxg7
23.Kxg5 Qd7 24.Bg4 Qd8+ 25.Kh5 Kh8 26.f4 Rg8 27.Bf5 Rc8 28.Qc1 Rc6 29.fxe5  1-0

[Event "Budapest FS06 GM"]
[Site "Budapest"]
[Date "1998.06.06"]
[Round "1"]
[White "Rabinovich, Alexander"]
[Black "Turzo, Attila"]
[Result "1/2-1/2"]
[WhiteElo "2425"]
[BlackElo "2415"]

1.d4 d5 2.c4 c6 3.Nf3 Nf6 4.Nc3 e6 5.e3 Nbd7 6.Qc2 Bd6 7.Bd2 O-O 8.O-O-O c5
9.cxd5 exd5 10.Kb1 a6 11.Ng5 g6 12.h4 Re8 13.h5 Nf8 14.hxg6 hxg6 15.dxc5 Bxc5
16.Bd3 Be6 17.f4 Bg4 18.Rde1 d4 19.exd4 Bxd4 20.f5 Bxf5 21.Bxf5 gxf5 22.Ref1 Rc8
23.Qb3 Qd7 24.Ka1 Re7 25.Rh3 Be5 26.Rd1 Rc6 27.Bf4 Rd6 28.Bxe5 Rxd1+ 29.Nxd1 Rxe5
30.a3 Qd5 31.Qxd5 Rxd5 32.Ne3 Re5 33.Nc4 Re1+ 34.Ka2 Ne6 35.Nf3 Rd1 36.Ne3 Rc1
37.Nxf5 Rc5 38.Nd6 b5 39.Rh4  1/2-1/2

[Event "Russian Club Cup"]
[Site "Maikop"]
[Date "1998.06.06"]
[Round "4"]
[White "Tunik, Gennady"]
[Black "Filippov, Valerij"]
[Result "1/2-1/2"]
[WhiteElo "2470"]
[BlackElo "2595"]

1.d4 d5 2.c4 c6 3.Nf3 Nf6 4.Nc3 e6 5.e3 Nbd7 6.Bd3 dxc4 7.Bxc4 b5 8.Be2 a6
9.e4 b4 10.e5 bxc3 11.exf6 Nxf6 12.bxc3 Bd6 13.Nd2 O-O 14.Nc4 Be7 15.Bf3 Nd5
16.Ne5 Qc7 17.c4 Bb4+ 18.Bd2 Bxd2+ 19.Qxd2 Ne7 20.c5 Rd8 21.Qc3 a5 22.O-O Ba6
23.Rfe1 Rab8 24.Rad1 a4 25.Be4 Nd5 26.Qc2 a3 27.Bxd5 cxd5 28.Qc3 Ra8 29.Rb1 f6
30.Nf3 Bc8 31.Rb3 Qa5 32.Re3 Qxc3 33.Rexc3 Rd7 34.Rxa3 Rda7 35.Rxa7 Rxa7
36.a3 Kf7 37.h4 Ke7 38.Rb3 Kd7 39.g4 Ra4 40.g5 Kc7 41.Kf1 Bd7 42.Ke2 Be8
43.gxf6 gxf6 44.Re3 Kd7 45.Rb3 Kc7 46.Re3 Kd7 47.Rb3 Bh5 48.Ke3 Kc7 49.Ne1 e5
50.Nd3 Rxd4 51.Rb4 Rxb4 52.Nxb4 d4+ 53.Ke4 Bg6+ 54.Kf3 f5 55.Ke2 e4 56.f4 Bf7
57.Kd2 Bb3 58.Ke2 Kd7 59.Kd2 Ke6 60.Ke2 Bc4+ 61.Kd2 e3+ 62.Kc2 Bb5 63.a4 Bxa4+
64.Kd3 Bb3 65.Kxd4 e2 66.Nd3 Bc2 67.Ne1 Be4 68.Ke3 Kd5 69.Kxe2 Kxc5 70.h5 h6
71.Ke3 Kc4 72.Ke2 Kd4 73.Kf2 Bc6 74.Nc2+ Ke4 75.Kg3 Ba4 76.Ne1 Bd1 77.Ng2 Bf3
78.Nh4 Bxh5 79.Ng2 Bf3 80.Nh4 Bd1  1/2-1/2

[Event "Russian Club Cup"]
[Site "Maikop"]
[Date "1998.06.07"]
[Round "5"]
[White "Epishin, Vladimir"]
[Black "Galkin, Alexander"]
[Result "1/2-1/2"]
[WhiteElo "2590"]
[BlackElo "2565"]

1.d4 d5 2.c4 c6 3.Nc3 e6 4.e3 Nf6 5.Nf3 Nbd7 6.Qc2 Bd6 7.Bd3 O-O 8.Bd2 dxc4
9.Bxc4 a6 10.Rd1 b5 11.Bd3 Bb7 12.Ng5 h6 13.Nge4 Be7 14.Nxf6+ Nxf6 15.Ne2 c5
16.dxc5 Qd5 17.Nf4 Qxc5 18.Qxc5 Bxc5 19.Bc3 Nd5 20.Nxd5 Bxd5 21.b3 Rac8 22.Bb2 Rfd8
23.Ke2 Kf8 24.f3 Bb7 25.Bb1 Bb6 26.g4 Rxd1 27.Rxd1 Rd8 28.Rc1 Rc8 29.Rd1 Rd8
30.Rf1 a5 31.Bd3 Rc8 32.f4 b4 33.h4 Ba6 34.Rc1 Rxc1 35.Bxc1 Bb7 36.Bb2 f6
37.Bc4 Ke7 38.a4 Be4 39.Bd3 Bd5 40.Bc2 Kf7 41.e4 Bb7 42.Bd3 g6 43.Bc1 Bd4
44.Bd2 Bb6 45.Be1 Bd4 46.Bg3 e5 47.Bc4+ Ke7 48.Kd3 g5 49.f5 Kd6 50.Be1 Kc5
51.Bd2 Kd6 52.Be1  1/2-1/2

[Event "Russian Club Cup"]
[Site "Maikop"]
[Date "1998.06.09"]
[Round "7"]
[White "Dyachkov, Sergej"]
[Black "Iskusnyh, Sergei"]
[Result "1/2-1/2"]
[WhiteElo "2510"]
[BlackElo "2455"]

1.d4 d5 2.c4 c6 3.Nf3 Nf6 4.Nc3 e6 5.e3 Nbd7 6.Bd3 dxc4 7.Bxc4 b5 8.Bd3 a6
9.e4 c5 10.e5 cxd4 11.Nxb5 axb5 12.exf6 gxf6 13.O-O Qb6 14.Be4 Bb7 15.Bxb7 Qxb7
16.Nxd4 Rg8 17.f3 Bc5 18.Be3 Ne5 19.Qe2 Rd8 20.Rad1 Nc4 21.Bf2 Qb6 22.b3 Rxd4
23.Rxd4 Bxd4 24.bxc4 bxc4 25.Qxc4 Bxf2+ 26.Rxf2 Rg5 27.g3 Rc5 28.Qa4+ Kf8
29.Kg2 h5 30.Rd2 Kg7 31.Qb3 Rb5 32.Qc3 Rb1 33.Rf2 Rb4 34.f4 Qb5 35.Qf3 Qf5
36.h3 Rd4 37.g4 Qd5 38.Qxd5 Rxd5 39.a4 hxg4 40.hxg4 Rd4 41.Ra2 Rxf4 42.Kg3 Rb4
43.a5 Rb7 44.a6 Ra7 45.Kf4 Kg6 46.Ra5 e5+ 47.Ke4 Kg5 48.Kf3 Kh6 49.Ke4 Kg6
50.Ke3 f5 51.Rxe5 fxg4 52.Ra5 Kf6  1/2-1/2

[Event "Russian Club Cup"]
[Site "Maikop"]
[Date "1998.06.09"]
[Round "7"]
[White "Bratchenko, Alexander"]
[Black "Beshukov, Sergei"]
[Result "1/2-1/2"]
[WhiteElo "2355"]
[BlackElo "2405"]

1.d4 d5 2.c4 e6 3.Nf3 c6 4.e3 Nf6 5.Nc3 Nbd7 6.Bd3 dxc4 7.Bxc4 b5 8.Bd3 Bb7
9.O-O a6 10.e4 c5 11.d5 Qc7 12.dxe6 fxe6 13.Qe2 c4 14.Bc2 Bd6 15.Ng5 Nf8
16.e5  1/2-1/2

[Event "Russian Club Cup"]
[Site "Maikop"]
[Date "1998.06.09"]
[Round "7"]
[White "Gutov, Andrei"]
[Black "Rodin, Mihail"]
[Result "1-0"]
[WhiteElo "2250"]
[BlackElo "2390"]

1.d4 d5 2.c4 c6 3.Nc3 Nf6 4.e3 e6 5.Nf3 Nbd7 6.Qc2 Bd6 7.Bd3 O-O 8.O-O Qe7
9.c5 Bb8 10.e4 e5 11.exd5 exd4 12.d6 Qd8 13.Na4 b5 14.Nxd4 Bb7 15.Nxb5 cxb5
16.c6 Bxd6 17.cxb7 Rb8 18.Bxb5 Rxb7 19.Nc3 Qb8 20.Bxd7 Rxd7 21.h3 Rb7 22.b3 Be5
23.Bb2 Rc7 24.Rac1 Rfc8 25.Qd3 Rd7 26.Qf5 Rc5 27.Qf3 Rd2 28.Qe3 Bxc3 29.Bxc3 Rdd5
30.Bxf6 Rxc1 31.Rxc1 gxf6 32.h4 Qd6 33.Qxa7 Rd2 34.a4 Qa3 35.Qb8+  1-0

[Event "Russian Club Cup"]
[Site "Maikop"]
[Date "1998.06.12"]
[Round "10"]
[White "Shariyazdanov, Andrey"]
[Black "Rodin, Mihail"]
[Result "1/2-1/2"]
[WhiteElo "2495"]
[BlackElo "2390"]

1.d4 d5 2.c4 e6 3.Nc3 c6 4.e3 Nf6 5.Nf3 Nbd7 6.Bd3 Bd6 7.O-O O-O 8.Qc2 Re8
9.e4 dxc4 10.Bxc4 e5 11.Rd1 Qe7 12.h3 exd4 13.Nxd4 Ne5 14.Be2 Ng6 15.Be3 Bc7
16.Nf5 Qe5 17.Ng3 Qe7 18.Nf5  1/2-1/2

[Event "Russian Club Cup"]
[Site "Maikop"]
[Date "1998.06.13"]
[Round "11"]
[White "Malaniuk, Vladimir P"]
[Black "Iskusnyh, Sergei"]
[Result "1/2-1/2"]
[WhiteElo "2600"]
[BlackElo "2455"]

1.d4 d5 2.c4 c6 3.e3 Nf6 4.Nc3 e6 5.Nf3 Nbd7 6.Qc2 Bd6 7.a3 O-O 8.b4 Qe7
9.Bb2 dxc4 10.Bxc4 e5 11.Be2 Re8 12.O-O e4 13.Nd2 Nb6 14.Rfe1 Bf5 15.b5 Rac8
16.Rec1 Bg4 17.Ndxe4 Nxe4 18.Bxg4 Nxc3 19.Bxc8 Ncd5 20.Bf5 g6 21.Bd3 Nxe3
22.fxe3 Qxe3+ 23.Kh1 Qf4 24.g3 Qf3+ 25.Kg1 Bxg3 26.hxg3 Qxg3+ 27.Qg2 Qxd3
28.Re1 Re3 29.Rad1 Rxe1+ 30.Rxe1 Nd5 31.bxc6 bxc6 32.Qf2 Qh3 33.Bc1 Qg4+
34.Kh2 Kg7 35.Qg3 Qd7 36.Kg2 h5 37.Qg5 a6 38.Bd2  1/2-1/2

[Event "Bozen op"]
[Site "Bozen"]
[Date "1998.06.14"]
[Round "2"]
[White "Dallaglio, Giovanni"]
[Black "Astengo, Marcello"]
[Result "1/2-1/2"]
[WhiteElo "2055"]
[BlackElo "2075"]

1.d4 d5 2.Nf3 Nf6 3.c4 c6 4.e3 e6 5.Nc3 Nbd7 6.Qc2 Bd6 7.Be2 O-O 8.O-O dxc4
9.Bxc4 e5 10.h3 exd4 11.exd4 h6 12.a4 Nb6 13.b3 Re8 14.Rd1 Nbd5 15.Nxd5 cxd5
16.Bd3 Ne4 17.Ne5 Qh4 18.Bxe4 dxe4 19.Nc4 Bb8 20.d5 Bd7 21.Qc3 Bc7 22.d6 Bd8
23.Be3 Rc8 24.Bd4 Qg5 25.Kh2 b6 26.Re1 Re6 27.Qg3 Qxg3+ 28.Kxg3 f5 29.Rad1 Bxa4
30.Nxb6 axb6 31.bxa4 Rxd6 32.Be5 Rxd1 33.Rxd1 Bc7 34.Bxc7 Rxc7 35.Rd8+ Kf7
36.Rb8 Rc6 37.Kf4 Kf6 38.h4 g5+ 39.hxg5+ hxg5+ 40.Ke3 Ke5 41.Re8+ Kd5 42.Rd8+ Rd6
43.Rg8 f4+ 44.Ke2 Kd4 45.Rxg5 Rf6 46.a5 bxa5 47.Rxa5 f3+ 48.gxf3 exf3+ 49.Kd2 Re6
50.Ra4+ Kd5 51.Ra5+ Ke4 52.Ra4+ Kf5 53.Kd1 Re2 54.Rb4 Rxf2 55.Ke1 Re2+ 56.Kf1 Re4
57.Rxe4 Kxe4 58.Kf2 Kf4 59.Kf1 Ke3 60.Ke1 f2+ 61.Kf1 Kf3  1/2-1/2

[Event "Stockholm Elo"]
[Site "Stockholm"]
[Date "1998.06.14"]
[Round "9"]
[White "Livner, Anders"]
[Black "Andersson, Mats"]
[Result "1/2-1/2"]
[WhiteElo "2225"]
[BlackElo "2320"]

1.d4 Nf6 2.Nf3 e6 3.c4 d5 4.Nc3 c6 5.e3 Nbd7 6.Bd3 dxc4 7.Bxc4 b5 8.Be2 a6
9.a3 c5 10.dxc5 Bxc5 11.Ng5 Bb7 12.Bf3 Bxf3 13.Qxf3 Ne5 14.Qh3 Nd3+ 15.Ke2 Nd5
16.Nxd5 Qxd5 17.Qf3 Qxf3+ 18.Nxf3 Nxc1+ 19.Raxc1 Bd6 20.Rhd1 Ke7 21.Nd4 Rhc8
22.Nc6+ Kd7 23.Ne5+ Ke7 24.Nc6+ Kd7 25.Ne5+ Ke7  1/2-1/2

[Event "Bozen op"]
[Site "Bozen"]
[Date "1998.06.15"]
[Round "4"]
[White "Zaja, Ivan"]
[Black "Trabert, Bettina"]
[Result "1/2-1/2"]
[WhiteElo "2450"]
[BlackElo "2220"]

1.d4 d5 2.c4 e6 3.Nc3 c6 4.e3 Nf6 5.Nf3 Nbd7 6.Bd3 dxc4 7.Bxc4 b5 8.Be2 b4
9.Na4 Bb7 10.O-O c5 11.dxc5 Bxc5 12.a3 Be7 13.axb4 Bxb4 14.Bd2 Bxd2 15.Qxd2 O-O
16.b4 Ne4 17.Qb2 Qf6 18.Qxf6 Ndxf6 19.Nd4 Rfc8 20.Rfc1 Rxc1+ 21.Rxc1 Rc8
22.Rxc8+ Bxc8 23.f3 Bd7 24.Nb5 Bxb5 25.Bxb5 Nd6 26.Bc6 Kf8 27.e4 Nc4 28.Nc3 Ke7
29.Bb5 Nb6 30.Kf2 Ne8 31.Ke3 Nc7 32.Kd4 Kd6 33.e5+ Ke7 34.Bc6 Nd7 35.f4 Nb8
36.Ba4 h6 37.g4 Nd7 38.Bc6 Nb8 39.Be4 Nd7 40.Kc4 Nb8 41.Ne2 g5 42.fxg5 hxg5
43.Nd4 f6 44.b5 Ne8 45.Nf3 Nd7 46.exf6+ Ndxf6 47.Bc6 Nd6+ 48.Kb4 Nxg4 49.h3 Nf2
50.Nxg5 Nd3+ 51.Kc3 Ne5 52.Kd4 Nxc6+ 53.bxc6 a5 54.Kc5 e5 55.h4 e4 56.h5 e3
57.Nf3 Nf7 58.Nd4 a4 59.Nf5+ Kd8 60.Kb6 e2 61.c7+ Kd7 62.Kb7 Nd8+ 63.Kb8 Nc6+
64.Kb7 Nd8+  1/2-1/2

[Event "Keres mem op"]
[Site "Tallin"]
[Date "1998.06.18"]
[Round "5"]
[White "Piarnpuu, Leili"]
[Black "Agopov, Mikael"]
[Result "0-1"]
[WhiteElo "2290"]
[BlackElo "2330"]

1.Nf3 Nf6 2.c4 c6 3.d4 d5 4.Nc3 e6 5.e3 Nbd7 6.Qc2 Bd6 7.Be2 O-O 8.O-O dxc4
9.Bxc4 Qe7 10.a3 e5 11.h3 h6 12.Ba2 Re8 13.Bd2 a6 14.Rad1 Bc7 15.Rfe1 e4
16.Nh2 Nf8 17.Ne2 Ng6 18.Bb4 Qd8 19.f4 Nh4 20.Ng3 Nf5 21.Nxf5 Bxf5 22.Nf1 Be6
23.Bxe6 Rxe6 24.Ng3 Qd5 25.Rf1 Ree8 26.Qf2 a5 27.Bd2 Ra6 28.Rc1 Bd6 29.Rc2 Rb6
30.Rfc1 Rb3 31.Ne2 Nd7 32.Nc3 Qe6 33.d5 cxd5 34.Ne2 Rd3 35.Bxa5 Bc5 36.f5 Qd6
37.Bd2 Qb6 38.Nf4 Rxd2 39.Rxd2 Bxe3 40.Nxd5 Bxf2+ 41.Rxf2 Qd4 42.Nc3 Nc5  0-1

[Event "Frankfurt Ordix op"]
[Site "Frankfurt"]
[Date "1998.06.20"]
[Round "2"]
[White "Vaganian, Rafael A"]
[Black "Goetz, Andreas"]
[Result "1-0"]
[WhiteElo "2630"]
[BlackElo "2190"]

1.Nf3 d5 2.d4 Nf6 3.c4 c6 4.Nc3 e6 5.e3 Nbd7 6.Bd3 dxc4 7.Bxc4 b5 8.Bd3 Bb7
9.e4 b4 10.Na4 c5 11.e5 Nd5 12.Nxc5 Nxc5 13.dxc5 a6 14.O-O Bxc5 15.Ng5 g6
16.Ne4 Be7 17.Bh6 Bf8 18.Qd2 Be7 19.Rac1 Rg8 20.Bg5 Bxg5 21.Nxg5 Kf8 22.Nxh7+ Kg7
23.Ng5 Rh8 24.Be4 Rh4 25.Bxd5 Bxd5 26.f4 Rb8 27.h3 Rh8 28.b3 Qb6+ 29.Qf2 Qb7
30.Rc2 Rbd8 31.Rfc1 Rd7 32.Qg3 a5 33.Kh2 a4 34.f5 exf5 35.e6  1-0

[Event "NLD-ch"]
[Site "Rotterdam"]
[Date "1998.06.22"]
[Round "2"]
[White "Van Wely, Loek"]
[Black "Piket, Jeroen"]
[Result "1/2-1/2"]
[WhiteElo "2605"]
[BlackElo "2575"]

1.d4 d5 2.c4 e6 3.Nc3 c6 4.e3 Nf6 5.Nf3 Nbd7 6.Qc2 Bd6 7.Bd3 O-O 8.O-O dxc4
9.Bxc4 b5 10.Be2 Bb7 11.Rd1 Qc7 12.a3 a6 13.b4 a5 14.Rb1 axb4 15.axb4 Nd5
16.e4 Nxb4 17.Qb3 Rfb8 18.Bxb5 cxb5 19.Nxb5 Qb6 20.Nxd6 Qxd6 21.Qxb4 Qxb4
22.Rxb4 Bxe4 23.Rxb8+ Rxb8 24.Ne5  1/2-1/2

[Event "White Nights op"]
[Site "St Petersburg"]
[Date "1998.06.24"]
[Round "5"]
[White "Boukh, Boris"]
[Black "Shabanov, Yuri"]
[Result "0-1"]
[WhiteElo "2370"]
[BlackElo "2495"]

1.d4 d5 2.c4 e6 3.Nf3 c6 4.e3 Nf6 5.Nc3 Nbd7 6.Bd3 dxc4 7.Bxc4 b5 8.Be2 Bb7
9.a3 b4 10.axb4 Bxb4 11.Qb3 a5 12.O-O O-O 13.Na2 c5 14.Nxb4 cxb4 15.Bd2 Bd5
16.Bc4 Bc6 17.Rfc1 Qb6 18.Ne1 Ne4 19.Rc2 e5 20.f3 Nxd2 21.Rxd2 a4 22.Qd3 Rad8
23.d5 Nf6 24.Qe2 Bxd5 25.Bxd5 Nxd5 26.Rad1 Nxe3 27.Qf2 Rxd2 28.Rxd2 Nc4 29.Qxb6 Nxb6  0-1

[Event "White Nights"]
[Site "St Petersburg"]
[Date "1998.06.25"]
[Round "6"]
[White "Kruppa, Yuri"]
[Black "Samuelsson, Sven Gunnar"]
[Result "1-0"]
[WhiteElo "2540"]
[BlackElo "2230"]

1.d4 d5 2.c4 c6 3.Nc3 Nf6 4.e3 e6 5.Nf3 Nbd7 6.Bd3 dxc4 7.Bxc4 b5 8.Bd3 b4
9.Ne4 Nxe4 10.Bxe4 Bb7 11.Qa4 Qb6 12.O-O Be7 13.Nd2 O-O 14.Nc4 Qa6 15.Qc2 Nf6
16.Bd3 c5 17.dxc5 Bxc5 18.e4 Rac8 19.Qe2 Rfd8 20.b3 Bd4 21.Rb1 Ba8 22.Kh1 Qb7
23.f3 h6 24.Bd2 Nd7 25.Nd6  1-0

[Event "White Nights op"]
[Site "St Petersburg"]
[Date "1998.06.26"]
[Round "7"]
[White "Uchitel, Stanislav"]
[Black "Klimov, Sergey"]
[Result "0-1"]
[WhiteElo "2120"]
[BlackElo "2365"]

1.d4 d5 2.c4 e6 3.Nc3 c6 4.Nf3 Nf6 5.e3 Nbd7 6.Bd3 dxc4 7.Bxc4 b5 8.Bb3 b4
9.Ne2 Bb7 10.Nf4 Bd6 11.Nd3 c5 12.dxc5 Nxc5 13.Nxc5 Bxc5 14.Ba4+ Ke7 15.Qe2 Qa5
16.Bb3 Bd6 17.Nd4 Rac8 18.Bc4 Qg5 19.f3 Qh4+ 20.Kf1 Nh5 21.Kg1 Bc5 22.Bb3 Rhd8
23.Bd2 Rxd4 24.exd4 Qxd4+ 25.Be3 Qxe3+ 26.Qxe3 Bxe3+ 27.Kf1 Ba6+ 28.Ke1 Nf4  0-1

[Event "World op"]
[Site "Philadelphia"]
[Date "1998.06.29"]
[Round "3"]
[White "Belakovskaia, Anjelina"]
[Black "Stripunsky, Alexander"]
[Result "0-1"]
[WhiteElo "2385"]
[BlackElo "2475"]

1.d4 d5 2.c4 c6 3.Nc3 Nf6 4.Nf3 e6 5.e3 Nbd7 6.Qc2 Bd6 7.Be2 O-O 8.O-O dxc4
9.Bxc4 b5 10.Be2 Bb7 11.Rd1 Qc7 12.Ne4 Nxe4 13.Qxe4 Rae8 14.Qh4 f5 15.e4 fxe4
16.Qxe4 e5 17.Ng5 Nf6 18.Qh4 exd4 19.Bd3 h6 20.Nf3 c5 21.Bxb5 Re4 22.Bc4+ Kh8
23.Re1 Rxh4 24.Nxh4 Bd5 25.Ng6+ Kg8 26.Bxd5+ Nxd5 27.Nxf8 Kxf8 28.Bd2 Bxh2+
29.Kh1 Bf4 30.Rad1 Qf7 31.g3 Bxd2 32.Rxd2 Nf6 33.b3 Qh5+ 34.Kg2 Ng4 35.Rc1 Qd5+
36.Kg1 d3 37.f4 Qf3  0-1

[Event "SVK-ch"]
[Site "Prievidza"]
[Date "1998.06.29"]
[Round "3.45"]
[White "Maiorov, Nikita"]
[Black "Lednicky, Martin"]
[Result "0-1"]
[WhiteElo "2085"]
[BlackElo "1973"]

1.d4 d5 2.c4 c6 3.Nf3 e6 4.Nc3 Nf6 5.e3 Nbd7 6.Qc2 Bd6 7.Be2 O-O 8.O-O dxc4
9.Bxc4 e5 10.Rd1 Qe7 11.Bd3 Re8 12.Ne4 Nxe4 13.Bxe4 g6 14.dxe5 Nxe5 15.Nxe5 Qxe5
16.f4 Qe7 17.b3 Bg4 18.Rd4 c5 19.Rc4 Rad8 20.a4 Bxf4 21.Bd2 Bxh2+ 22.Kxh2 Qe5+
23.g3 Qxa1 24.Bxg6 fxg6 25.Rxg4 Qe5 26.Bc3 Qe6 27.Rg5 Rd5 28.Rxd5 Qxd5 29.Bb2 Rxe3
30.Qf2 Qh5+ 31.Kg2  0-1

[Event "Copenhagen op"]
[Site "Copenhagen"]
[Date "1998.06.30"]
[Round "9"]
[White "Schandorff, Lars"]
[Black "Hector, Jonny"]
[Result "1/2-1/2"]
[WhiteElo "2525"]
[BlackElo "2505"]

1.d4 d5 2.c4 c6 3.Nc3 Nf6 4.e3 e6 5.Nf3 Nbd7 6.Bd3 dxc4 7.Bxc4 b5 8.Bd3 a6
9.e4 c5 10.d5 c4 11.Bc2 Qc7 12.dxe6 fxe6 13.O-O Bc5 14.e5 Nxe5 15.Bf4 Bd6
16.Bxe5 Bxe5 17.Nxe5 Qxe5 18.Re1 Qc7 19.a4 Rb8 20.axb5 axb5 21.Nxb5 Rxb5
22.Ba4 O-O 23.Bxb5 Qc5 24.Ba4 Bb7 25.Qe2 Nd5 26.Qxe6+ Kh8 27.Qe2 Nf4 28.Qe3 Qg5
29.Qg3 Qf6 30.Qa3 Kg8 31.Bb5 Bd5 32.Qc3 Qg6 33.Qg3 Qb6 34.Bd7 Qxb2 35.Bg4 Bxg2
36.Be6+ Kh8 37.Bxc4 Qf6 38.Rad1 Bb7 39.Bf1 Qc6 40.f3 Nh5 41.Qf2 Qg6+  1/2-1/2

[Event "World op"]
[Site "Philadelphia"]
[Date "1998.07.03"]
[Round "7"]
[White "Gurevich, Dmitry"]
[Black "Rubenchik, Rodion"]
[Result "1-0"]
[WhiteElo "2540"]
[BlackElo "2285"]

1.d4 d5 2.c4 c6 3.Nc3 Nf6 4.e3 e6 5.Nf3 Nbd7 6.Bd2 Bd6 7.Bd3 O-O 8.O-O dxc4
9.Bxc4 b5 10.Bb3 Bb7 11.e4 b4 12.e5 bxc3 13.bxc3 Be7 14.exf6 Bxf6 15.Be3 Qc7
16.Ng5 c5 17.Qg4 Rfe8 18.Ne4 cxd4 19.cxd4 Bxe4 20.Qxe4 Nb6 21.Bf4 Qd7 22.Be5 Nd5
23.Qg4 Bxe5 24.dxe5 Rad8 25.Ba4 Qc7 26.Bxe8 Rxe8 27.Rac1 Qxe5 28.Qa4 Qb8
29.Rb1 Qa8 30.Rb7 a6 31.Rfb1 Nc3 32.Qxe8+ Qxe8 33.Rb8 Kf8 34.Rxe8+ Kxe8 35.Rb8+ Ke7
36.Rb7+ Kf6 37.a3 a5 38.f3 a4 39.Kf2 e5 40.Ke3 Nd5+ 41.Kd2 Nf4 42.Rb4  1-0

[Event "SVK-ch"]
[Site "Prievidza"]
[Date "1998.07.03"]
[Round "7.34"]
[White "Timoshchenko, Vera I"]
[Black "Sokol, Milan"]
[Result "1-0"]
[WhiteElo "2145"]
[BlackElo "2020"]

1.d4 d5 2.c4 c6 3.Nc3 e6 4.e3 Nf6 5.Nf3 Nbd7 6.Qc2 Be7 7.b3 O-O 8.Be2 a6
9.O-O b5 10.Bb2 Rb8 11.Rfd1 Qb6 12.c5 Qc7 13.b4 Re8 14.Bd3 g6 15.Ne2 Nh5
16.e4 dxe4 17.Bxe4 Nhf6 18.Bc1 Nxe4 19.Qxe4 Nf6 20.Qd3 Nd5 21.a3 Bf6 22.Bb2 a5
23.Qd2 Bg7 24.Ne5 f6 25.Nd3 e5 26.dxe5 fxe5 27.bxa5 Bf5 28.Nb4 Rbd8 29.Qc1 Ra8
30.Nxd5 cxd5 31.Rxd5 Rxa5 32.Ng3 Be6 33.Rd1 Ra4 34.Qe3 Rc4 35.Rac1 Rxc1 36.Rxc1 Bc4
37.Ne4 Bd5 38.f3 Qe7 39.Nd6 Rb8 40.Bc3 Qh4 41.Bxe5 Bh6 42.f4 Qg4 43.Ne4 Rf8
44.Qd3 Qe6 45.g3 Rd8 46.Rd1 Bf8 47.Nf6+ Kf7 48.Nxd5 Bxc5+ 49.Kg2 Bxa3 50.Qxa3 Qc6  1-0